000 00722nam a22001577a 4500
003 OSt
005 20150915143527.0
008 150915b xxu||||| |||| 00| 0 eng d
040 _cRUA
082 _aAGR LY 2002 B028 Or.1
100 _9519
_aLY, YOUVENEAT.
245 _aEffects of flooded-drained acid rice soil on phosphorus availablity and maize growth ឥទ្ធិពលនៃការពន្លិចទឹក-សំងួតដីអាស៊ីតដាំស្រូវ ទៅលើភាពសេរីរបស់ផូស្វ័រ និងការដុះលូតលាស់របស់ដំណាំពោត
260 _aPhnom Penh
_bRUA
_c2002
300 _a68p.
_bill.
_c29cm.
942 _2ddc
_cAGR
999 _c501
_d501